000 005520000a22001810004500
003 MACL
005 20160401164201.0
008 160401b xxu||||| |||| 00| 0 eng d
040 _aMACL
_cMACL
041 _aHindi
082 _a333
100 _aसिंह निशांत
_949728
245 _aपर्यावरण और जल प्रदूषण
260 _bपी. एन. प्रकाशन
_c2003
_aनई दिल्‍ली
350 _a200
650 _aEconomics Of Land & Services
_949809
942 _cHIN
_k333
_2ddc
999 _c19126
_d19126